| 000 | 02208nam a2200613 i 4500 | ||
|---|---|---|---|
| 001 | 3234 | ||
| 003 | KOSZ 005 | ||
| 005 | 20220905115954.0 | ||
| 008 | 220905s1986 pl a f 000 0 pol | ||
| 015 | _aPB 1986/7422 | ||
| 020 | _a8321332137 | ||
| 035 | _a991007952819705066 | ||
| 035 | _a(PL-WaBN)b12050210-48omnis_nlop | ||
| 035 | _ab12050210 | ||
| 035 | _a(OCoLC)835906099 | ||
| 035 | _a(PL)b0000001205021 | ||
| 035 | _a(EXLNZ-48OMNIS_NETWORK)9910448053905606 | ||
| 040 |
_aWA N _cWA N _dKOSZ 005/RW |
||
| 046 | _k1986 | ||
| 080 | _a69 | ||
| 080 | _a624 | ||
| 245 | 0 | 0 |
_aPoradnik inżyniera i technika budowlanego. _nT. 5, _pKonstrukcje murowe, stalowe, aluminiowe, żelbetowe, sprężone, drewniane / _cautorzy Władysław Danilecki [et al.] ; Polski Związek Inżynierów i Techników Budownictwa. |
| 250 | _aWydanie 3, zmienione. | ||
| 260 |
_aWarszawa : _b"Arkady", _c1986. |
||
| 300 |
_a768 stron : _brysunki, wykresy ; _c21 cm. |
||
| 336 |
_aTekst _btxt _2rdacontent |
||
| 337 |
_aBez urządzenia pośredniczącego _bn _2rdamedia |
||
| 338 |
_aWolumin _bnc _2rdacarrier |
||
| 380 | _aKsiążki | ||
| 380 | _aPublikacje fachowe | ||
| 388 | 1 | _a1901-2000 | |
| 388 | 1 | _a1945-1989 | |
| 504 | _aBibliografia i wykazy norm przy rozdziałach. | ||
| 650 | 7 |
_aBudownictwo _2DBN |
|
| 650 | 7 | _aKonstrukcje murowe | |
| 650 | 7 | _aKonstrukcje stalowe | |
| 650 | 7 | _aKonstrukcje żelbetowe | |
| 650 | 7 | _aKonstrukcje drewniane | |
| 655 | 7 |
_aPoradnik _2DBN |
|
| 658 | _aArchitektura i budownictwo | ||
| 658 | _aInżynieria i technika | ||
| 700 | 1 |
_aDanilecki, Władysław _eAutor |
|
| 700 | 1 |
_aKrzyśpiak, Tadeusz _eAutor |
|
| 700 | 1 |
_aWojnowski, Włodzimierz _eAutor |
|
| 700 | 1 |
_aKnauff, Michał _eAutor |
|
| 700 | 1 |
_aKuś, Stanisław _eAutor |
|
| 700 | 1 |
_aŻórawski, Andrzej _eAutor |
|
| 700 | 1 |
_aDziarnowski, Zbigniew _eAutor |
|
| 700 | 1 |
_aMichniewicz, Wincenty _eAutor |
|
| 710 | 2 |
_aWydawnictwo Arkady _4pbl |
|
| 856 |
_uhttp://koha.tu.koszalin.pl/cgi-bin/koha/opac-detail.pl?biblionumber=3234 _yKatalog online BPK |
||
| 942 |
_2UKD _cKS |
||
| 999 |
_c3234 _d3234 |
||